| 000 | 00472nam a22001817a 4500 | ||
|---|---|---|---|
| 003 | LK-CoDNM | ||
| 005 | 20241002142600.0 | ||
| 008 | 241002b |||||||| |||| 00| 0 eng d | ||
| 040 |
_aLK-CoDNM _dLK-CoDNM _eLK-CoDNM |
||
| 041 | _aeng | ||
| 080 |
_a104 _bKK31 |
||
| 245 |
_aArcheological Survey Of Ceylon _bAnuradhapura _cVOL : III |
||
| 300 | _aILL ; 32 CM | ||
| 650 | _aArcheological Survey Of Ceylon | ||
| 650 | _aAnuradhapura | ||
| 650 | _a104 KK31 | ||
| 942 | _cBK | ||
| 999 |
_c217335 _d217335 |
||